Central Library OPAC University of Rajshahi

প্রবন্ধ সঙ্কলন / (Record no. 48524)

MARC details
000 -LEADER
fixed length control field 00817nam a2200229 a 4500
001 - CONTROL NUMBER
control field 48524
003 - CONTROL NUMBER IDENTIFIER
rucl marc code BD-RjUL
005 - DATE AND TIME OF LATEST TRANSACTION
control field 20211209054535.0
008 - FIXED-LENGTH DATA ELEMENTS--GENERAL INFORMATION
fixed length control field 160814s1970 bg ||||| |||| 00| e ben d
020 ## - INTERNATIONAL STANDARD BOOK NUMBER
Terms of availability : TK 8.00
035 ## - SYSTEM CONTROL NUMBER
System control number (BD-RjUL) 48643
040 ## - CATALOGING SOURCE
Original cataloging agency BD-RjUL
Language of cataloging ben
Transcribing agency BD-RjUL
041 ## - LANGUAGE CODE
Language code of text/sound track or separate title ben
082 ## - DEWEY DECIMAL CLASSIFICATION NUMBER
Edition number 23
Classification number 891.4408
Author mark and year AHP 1970
100 1# - MAIN ENTRY--PERSONAL NAME
Personal name আহমদ, মুজাফফর
9 (RLIN) 146673
245 10 - TITLE STATEMENT
Title প্রবন্ধ সঙ্কলন /
Statement of responsibility, etc. মুজাফফর আহমদ
260 ## - PUBLICATION, DISTRIBUTION, ETC. (IMPRINT)
Place of publication, distribution, etc. কলিকাতা :
Name of publisher, distributor, etc. সারস্তত লাইব্রেরী,
Date of publication, distribution, etc. ১৯৭০
300 ## - PHYSICAL DESCRIPTION
Pagination ২৭৪ পৃ. ;
Size ১৯ সেমি.
650 ## - SUBJECT ADDED ENTRY--TOPICAL TERM
Topical term or geographic name as entry element বাংলা সাহিত্য
9 (RLIN) 146674
General subdivision সংগ্রহ
Topical term or geographic name as entry element Bangali Literature
9 (RLIN) 146675
General subdivision Collected Works
942 ## - ADDED ENTRY ELEMENTS (KOHA)
Source of classification or shelving scheme Dewey Decimal Classification
Koha item type Books
Holdings
Lost status Source of classification or shelving scheme Damaged status Not for loan Collection code Permanent Location Current Location Shelving location Date acquired Source of acquisition Total Checkouts Full call number Date last seen Copy number Koha item type
  Dewey Decimal Classification     Non-fiction Central Library, University of Rajshahi Central Library, University of Rajshahi   23/08/1973 Indian Govt.   B 891.4408 AHP 1970 14/08/2016 C-2 Books
  Dewey Decimal Classification     Non-fiction Central Library, University of Rajshahi Central Library, University of Rajshahi   23/08/1973 Indian Govt.   B 891.4408 AHP 1970 20/08/2016 C-3 Books